000 01427cam a22003617a 4500
003 CHAP
005 20220329140948.0
008 971013s1976 r 10010 d
010 _a60523
011 _a61495
035 _a65661
040 _cCHAP
082 _a630.717
_bM3r 1976
111 0 0 _aMesa Redonda sobre Trabajos de Campo Universitario (
_n1
_d: 1976
_c: Chapingo, Méx.)
_975114
245 1 3 _aLa universidad al campo ; relatorias
260 _aChapingo, Méx. :
_bENA. Departamento de Asistencia Agrícola y Agraria,
_c1976
300 _a27 h.
590 _aBATCH-UPD
_b10
_c20130110
_lUCH01
_h0229
590 _aBATCH-UPD
_b10
_c20130110
_lUCH01
_h1854
590 _aBATCH-UPD
_b10
_c20130409
_lUCH01
_h2251
590 _aBATCH-UPD
_b10
_c20130410
_lUCH01
_h1223
590 _aBATCH-UPD
_b10
_c20130914
_lUCH01
_h1146
590 _aCONVERSION
_b10
_c20130109
_lUCH01
_h1333
650 1 4 _aDesarrollo de la comunidad rural
_zMéxico.
_932040
650 1 4 _aEducación agrícola
_zMéxico.
_935552
650 1 4 _aExtensión agrícola
_xMéxico.
_939173
901 _aBK
942 _cLIBRO
949 _a630.717 M3r 1976
_bBC
_cLIBRO
_d33724000491106
_eLIBRO
_fc.2
_h43639
_i65661
_si
949 _a630.717 M3r 1976
_bBC
_cLIBRO
_d33724000491114
_eLIBRO
_fc.4
_h43641
_i65661
_si
949 _a630.717 M3r 1976
_bBC
_cLIBRO
_d33724000491148
_eLIBRO
_h43638
_i65661
_si
949 _a630.717 M3r 1976
_bBC
_cUACH
_d-147500
_eUACH
_fc.3
_h43640
_i65661
_si
999 _c60523
_d60523